Top Positioning (Record no. 438)
| 000 -LEADER | |
|---|---|
| fixed length control field | 00447nam a22001697a 4500 |
| 003 - CONTROL NUMBER IDENTIFIER | |
| control field | OSt |
| 005 - DATE AND TIME OF LATEST TRANSACTION | |
| control field | 20260211152659.0 |
| 008 - FIXED-LENGTH DATA ELEMENTS--GENERAL INFORMATION | |
| fixed length control field | 250614b |||||||| |||| 00| 0 eng d |
| 020 ## - INTERNATIONAL STANDARD BOOK NUMBER | |
| International Standard Book Number | 978-1481112314 |
| 040 ## - CATALOGING SOURCE | |
| Transcribing agency | Outspan Global University |
| 050 ## - LIBRARY OF CONGRESS CALL NUMBER | |
| Classification number | BF632 |
| Item number | .K542011 |
| 100 ## - MAIN ENTRY--PERSONAL NAME | |
| Personal name | Kigwa, Stephen |
| Relator term | Author |
| 245 ## - TITLE STATEMENT | |
| Title | Top Positioning |
| Statement of responsibility, etc. | by Stephen Kigwa |
| 260 ## - PUBLICATION, DISTRIBUTION, ETC. | |
| Place of publication, distribution, etc. | Kenya: |
| Name of publisher, distributor, etc. | Ignition To Recognition, |
| Date of publication, distribution, etc. | c2011. |
| 300 ## - PHYSICAL DESCRIPTION | |
| Extent | 72p |
| 942 ## - ADDED ENTRY ELEMENTS (KOHA) | |
| Source of classification or shelving scheme | Library of Congress Classification |
| Koha item type | Books |
| Suppress in OPAC | No |
| Withdrawn status | Lost status | Source of classification or shelving scheme | Damaged status | Not for loan | Home library | Current library | Shelving location | Date acquired | Total checkouts | Full call number | Barcode | Date last seen | Price effective from | Koha item type |
|---|---|---|---|---|---|---|---|---|---|---|---|---|---|---|
| Library of Congress Classification | Main Campus | 3rd Floor Main Library | General stacks | 06/14/2025 | BF632.K542011 | 101375 | 06/14/2025 | 06/14/2025 | Books |
